Welcome to WEB OPAC of MRSPTU Central Library

PERT and CPM : principles and applications (Record no. 4663)

MARC details
000 -LEADER
fixed length control field 00420nam a2200157Ia 4500
008 - FIXED-LENGTH DATA ELEMENTS--GENERAL INFORMATION
fixed length control field 230711s9999||||xx |||||||||||||| ||und||
041 ## - LANGUAGE CODE
Language code of text/sound track or separate title ENG
082 ## - DEWEY DECIMAL CLASSIFICATION NUMBER
Classification number 658.404
Item number SR-P
100 ## - MAIN ENTRY--PERSONAL NAME
Personal name Srinath,LS
245 #0 - TITLE STATEMENT
Title PERT and CPM : principles and applications
250 ## - EDITION STATEMENT
Edition statement 3rd Ed.
260 ## - PUBLICATION, DISTRIBUTION, ETC.
Date of publication, distribution, etc. 2006
Place of publication, distribution, etc. New Delhi
Name of publisher, distributor, etc. Affiliated East-West Press Private Limited
300 ## - PHYSICAL DESCRIPTION
Extent 202
650 ## - SUBJECT ADDED ENTRY--TOPICAL TERM
Topical term or geographic name entry element Mechanical Engineering
942 ## - ADDED ENTRY ELEMENTS (KOHA)
Koha item type Book
Holdings
Withdrawn status Lost status Damaged status Not for loan Collection Home library Current library Date acquired Total checkouts Full call number Barcode Date last seen Price effective from Koha item type
          MRSPTU Central Library MRSPTU Central Library     658.404 SR-P 16292 08/17/2023 08/17/2023 Book
          MRSPTU Central Library MRSPTU Central Library     658.404 SR-P 16293 08/17/2023 08/17/2023 Book
          MRSPTU Central Library MRSPTU Central Library     658.404 SR-P 16294 08/17/2023 08/17/2023 Book
          MRSPTU Central Library MRSPTU Central Library     658.404 SR-P 16295 08/17/2023 08/17/2023 Book
          MRSPTU Central Library MRSPTU Central Library     658.404 SR-P 16296 08/17/2023 08/17/2023 Book
          MRSPTU Central Library MRSPTU Central Library     658.404 SR-P 16297 08/17/2023 08/17/2023 Book
          MRSPTU Central Library MRSPTU Central Library     658.404 SR-P 16298 08/17/2023 08/17/2023 Book
          MRSPTU Central Library MRSPTU Central Library     658.404 SR-P 16299 08/17/2023 08/17/2023 Book

Website Designed and Developed by MRSPTU Central Library Team

E-mail Id: librarian@mrsptu.ac.in